000 00369nam a2200157Ia 4500
008 230524s9999 xx 000 0 und d
082 _a537.123
_bREI
100 _aHerbert J.Reich
245 0 _aMicrowave Principles
250 _a1ST
260 _aNEW DELHI
_bCBS
_c2005
300 _aIX;425
500 _aQuantity Number: 2
650 _aElectronics
942 _cBK
999 _c32986
_d32986